000 00506nam a2200181Ia 4500
005 20250326125631.0
008 250326s9999 xx 000 0 und d
037 _aTextbook
040 _aFMSL
_beng
_cFMSL
041 _aeng
_2eng
084 _aX:8E K61
_qFMSL
100 _aEdey H C
_9688910
245 0 _aBusiness budgets and accounts
_cEdey H C
260 _aLondon
_bLondon, Hutchinson University Library
_c1966
300 _a176p
942 _cTB
_hX:8E K61
999 _c1278886
_d1278886